Leasing - moderní způsob financování /

Gespeichert in:
Bibliographische Detailangaben
1. Verfasser: Válek, Vratislav (Verfasst von)
Format: Buch
Sprache:Tschechisch
Veröffentlicht: Praha : Management Press, Profit, a.s, 1992
Ausgabe:1.vyd.
Schlagworte:
Online-Zugang:OBSAH
Tags: Tag hinzufügen
Keine Tags, Fügen Sie das erste Tag hinzu!

MARC

LEADER 00000nam a22000003a 4500
001 stu39487
005 20150617225722.1
008 930211s1992----cs------------------cze-d
020 |a 80-85603-21-7 
040 |a STU  |b slo 
041 0 |a cze 
044 |a cs 
080 |a 339.16 
080 |a 658.84 
100 1 |a Válek, Vratislav  |4 aut 
245 1 |a Leasing - moderní způsob financování /  |c [aut.]Vratislav Válek 
250 |a 1.vyd. 
260 |a Praha :  |b Management Press, Profit, a.s,  |c 1992 
300 |a 109 s 
650 7 |a leasing  |2 estusub 
650 7 |a financovanie  |2 stusub 
856 4 |a https://sweb.mtf.stuba.sk/obsahy/leasing_moderni_spusob_financovani_92.pdf  |u https://sweb.mtf.stuba.sk/obsahy/leasing_moderni_spusob_financovani_92.pdf  |3 OBSAH 
996 |b 284M038481  |c M*8238-1  |l MMKN  |s A  |a 24  |w stu39487_0001